Bairros de Porto Alegre - Statistics

Estatísticas Gerais
  • Esse quiz foi jogado 310 vezes
  • A pontuação média é 38 de 94
Estatísticas das Respostas
Hint Resposta % Correto
Zona Central Centro Histórico
93%
Zona Central Menino Deus
75%
Zona Central Cidade Baixa
72%
Zona Central Moinhos de Vento
72%
Zona Sul Restinga
72%
Zona Sul Ipanema
70%
Zona Leste Partenon
68%
Zona Norte Humaitá
67%
Zona Norte Sarandi
67%
Zona Central Azenha
65%
Zona Central Petrópolis
65%
Zona Central Praia de Belas
65%
Zona Central Bom Fim
63%
Zona Sul Tristeza
63%
Zona Norte Rubem Berta
61%
Zona Central Bela Vista
60%
Zona Sul Cristal
59%
Zona Leste Lomba do Pinheiro
59%
Zona Sul Cavalhada
58%
Zona Sul Lami
57%
Zona Central Auxiliadora
56%
Zona Sul Belém Novo
56%
Zona Central Floresta
54%
Zona Central Mont'Serrat
54%
Zona Sul Belém Velho
53%
Zona Norte Higienópolis
53%
Zona Sul Nonoai
53%
Zona Central Rio Branco
53%
Zona Norte Farrapos
52%
Zona Leste Agronomia
51%
Zona Sul Hípica
50%
Zona Central Farroupilha
49%
Zona Central Jardim Botânico
49%
Zona Central Santana
49%
Zona Norte Jardim Itu
48%
Zona Norte Navegantes
48%
Zona Norte São Geraldo
47%
Zona Leste Três Figueiras
47%
Zona Norte São João
46%
Zona Norte Boa Vista
44%
Zona Sul Teresópolis
44%
Zona Leste Bom Jesus
42%
Zona Sul Glória
42%
Zona Leste Mário Quintana
42%
Zona Norte Passo d'Areia
42%
Zona Sul Santa Tereza
40%
Zona Central Independência
39%
Zona Sul Vila Nova
39%
Zona Norte Anchieta
38%
Zona Norte Jardim Lindóia
38%
Zona Leste Chácara das Pedras
37%
Zona Central Santa Cecília
37%
Zona Sul Medianeira
34%
Zona Central Arquipélago
33%
Zona Leste Morro Santana
33%
Zona Sul Ponta Grossa
33%
Zona Sul Guarujá
31%
Zona Norte Jardim Europa
31%
Zona Norte Vila Ipiranga
31%
Zona Sul Chapéu do Sol
30%
Zona Norte Cristo Redentor
30%
Zona Sul Serraria
30%
Zona Leste Vila Jardim
30%
Zona Sul Camaquã
29%
Zona Sul Aberta dos Morros
28%
Zona Leste Jardim Carvalho
28%
Zona Norte Santa Maria Goretti
28%
Zona Sul Vila Assunção
28%
Zona Sul Espírito Santo
26%
Zona Leste Jardim do Salso
26%
Zona Leste Jardim Sabará
26%
Zona Sul Lageado
26%
Zona Norte Passo das Pedras
26%
Zona Sul Cascata
25%
Zona Leste Santo Antônio
25%
Zona Leste Coronel Aparício Borges
23%
Zona Sul Campo Novo
22%
Zona Sul Pedra Redonda
22%
Zona Sul Vila Conceição
22%
Zona Norte Jardim Dona Leopoldina
21%
Zona Sul Pitinga
21%
Zona Norte Santa Rosa de Lima
21%
Zona Norte Costa e Silva
20%
Zona Sul Extrema
19%
Zona Norte São Sebastião
18%
Zona Sul Sétimo Céu
17%
Zona Leste Vila São José
17%
Zona Norte Jardim Floresta
16%
Zona Sul Jardim Isabel
16%
Zona Norte Jardim São Pedro
16%
Zona Sul São Caetano
16%
Zona Norte Parque Santa Fé
15%
Zona Leste Vila João Pessoa
15%
Zona Sul Boa Vista do Sul
13%
Nenhum quiz correspondente encontrado
Distribuição das Pontuações
Porcentagem de Pessoas com Cada Pontuação
Percentil de Números Respondidos
Sua Pontuação Histórica
Você não jogou esse quiz